Kalleimmat valtiot - Statistics

Yleistilastot
  • Tätä visaa on pelattu 2 750 kertaa
    1 634 viimeisimmän päivityksen jälkeen
  • Keskiarvotulos 11 / 22
Vastaustilastot
Suhdeluku Valtio % Oikein
0,93 Suomi
96%
1,28 Norja
94%
0,92 Ruotsi
93%
0,99 Kanada
82%
0,98 Tanska
82%
1,14 Sveitsi
81%
1,15 Islanti
80%
1,09 Australia
71%
1,00 Yhdysvallat
64%
0,99 Uusi-Seelanti
62%
0,96 Luxemburg
56%
0,93 Nauru
30%
1,05 Tuvalu
29%
1,14 Marshallinsaaret
26%
0,98 Salomoninsaaret
26%
1,10 Vanuatu
26%
1,00 Palau
25%
1,09 Israel
24%
1,11 Mikronesia
24%
1,06 Brunei
18%
1,10 Barbados
15%
1,11 Iran
12%
Ehtoja vastaavia visoja ei löytynyt
Tulosjakauma
Jokaisen tuloksen saaneiden osuus
Persentiili vastausten määrän mukaan
Tuloshistoriasi
Et ole pelannut tätä visaa sen viimeisimmän päivityksen jälkeen